|
|
|
|
| LEADER |
00000nam0a2200000 4500 |
| 001 |
377311 |
| 005 |
20231102012913.0 |
| 035 |
|
|
|a (RuTPU)RU\TPU\retro\34760
|
| 090 |
|
|
|a 377311
|
| 100 |
|
|
|a 20230220d2022 k y0rusy50 ca
|
| 101 |
0 |
|
|a rus
|
| 102 |
|
|
|a RU
|
| 105 |
|
|
|a a dm 001zy
|
| 200 |
1 |
|
|a Систематическое исследование реакций циклоприсоединения с участием производных 5-гидроксиметилфурфурола
|e автореферат диссертации на соискание ученой степени кандидата химических наук
|e спец. 1.4.3
|f Г. М. Аверочкин
|g Российская академия наук, Институт органической химии им. Н. Д. Зелинского ; науч. рук. В. П. Анаников
|
| 210 |
|
|
|a Москва
|d 2022
|
| 215 |
|
|
|a 25 с.
|c ил.
|
| 300 |
|
|
|a Защита сост. 01.03.2023
|
| 320 |
|
|
|a Библиогр.: с. 25 (7 назв.)
|
| 606 |
1 |
|
|a Фуран, соединения
|x Химия
|2 stltpush
|3 (RuTPU)RU\TPU\subj\17116
|9 42936
|
| 610 |
1 |
|
|a гидроксиметилфурфурол
|
| 610 |
1 |
|
|a производные
|
| 610 |
1 |
|
|a циклоприсоединение
|
| 610 |
1 |
|
|a реакции
|
| 610 |
1 |
|
|a диметные производные
|
| 610 |
1 |
|
|a каскадные реакции
|
| 610 |
1 |
|
|a систематические исследования
|
| 610 |
1 |
|
|a авторефераты диссертаций
|
| 675 |
|
|
|a 547.72(04)
|v 4
|
| 686 |
|
|
|a 02.00.03
|2 oksvnk
|
| 700 |
|
1 |
|a Аверочкин
|b Г. М.
|g Глеб Михайлович
|
| 702 |
|
1 |
|a Анаников
|b В. П.
|g Валентин Павлович
|4 727
|
| 712 |
0 |
2 |
|a Российская академия наук
|b Институт органической химии им. Н. Д. Зелинского
|c (Москва)
|2 stltpush
|3 (RuTPU)RU\TPU\col\335
|9 23358
|
| 801 |
|
1 |
|a RU
|b 63413507
|c 20230220
|
| 801 |
|
2 |
|a RU
|b 63413507
|c 20230403
|g RCR
|
| 942 |
|
|
|c BK
|